An introduction to nonstandard real analysis /

Guardado en:
Autor Principal: Hurd, A. E. 1931-
Otros Autores: Loeb, Peter A.
Formato: Libro
Idioma:English
Publicado: Orlando : Academic Press, 1985.
Materias:
Acceso en línea:Publisher description
Etiquetas: Agregar Etiqueta
Sin Etiquetas, Sea el primero en etiquetar este registro!
LEADER 01049cam a2200253 a 4500
001 MAT.inmabb004210
008 841026s1985####flu######b####001#0#eng##
005 20130222105001.0
245 1 3 |a An introduction to nonstandard real analysis /  |c Albert E. Hurd, Peter A. Loeb. 
260 |a Orlando :  |b Academic Press,  |c 1985. 
300 |a xii, 232 p. ;  |c 24 cm. 
500 |a Incluye 2 p. de errata. 
504 |a Bibliografía: p. 222-224. 
505 0 |a 1. Infinitesimals and the calculus -- 2. Nonstandard analysis on superstructures -- 3. Nonstandard theory of topological spaces -- 4. Nonstandard integration theory. 
510 4 |a MR,  |c 87d:03184 
020 |a 0123624401 
100 1 |a Hurd, A. E.  |q (Albert Emerson),  |d 1931- 
700 1 |a Loeb, Peter A. 
650 0 |a Nonstandard mathematical analysis. 
084 |a 03H05 (03-01 26E35 28E05 46S20 54J05)  |2 msc2000 
010 |a  84024563  
040 |a DLC  |c DLC  |d DLC 
856 4 2 |3 Publisher description  |u http://www.loc.gov/catdir/description/els032/84024563.html 
859 |h 03  |i H959  |p A-6666  |b BIB. MATEMATICA